Dictionnaire des Antiquités grecques et romaines (Record no. 48336)

MARC details
000 -LEADER
campo de control de longitud fija 01183nam a2200205 i 4500
001 - NÚMERO DE CONTROL
campo de control 48336
003 - IDENTIFICADOR DE NÚMERO DE CONTROL
campo de control ES-MaACL
005 - FECHA Y HORA DE LA ÚLTIMA TRANSACCIÓN
campo de control 20230906161733.0
007 - CAMPO FIJO DE DESCRIPCIÓN FÍSICA--INFORMACIÓN GENERAL
campo de control de longitud fija t|
008 - DATOS DE LONGITUD FIJA--INFORMACIÓN GENERAL
campo de control de longitud fija 950714m18771913fr ||||1| fre d
040 ## - FUENTE DE CATALOGACIÓN
Centro catalogador/agencia de origen CAM
Lengua de catalogación spa
Centro/agencia transcriptor CAM
245 00 - MENCIÓN DEL TÍTULO
Título Dictionnaire des Antiquités grecques et romaines
Resto del título : d'après les textes et les monuments, contenant l'explication des termes qui se rapportent aux moeurs, aux institutions, à la religion, aux arts, aux sciences, au costume, au mobilier, à la guerre, à la marine, aux métiers, aux monnaies, poids et mesures, etc., etc. et en général à la vie publique et privée des anciens /
Mención de responsabilidad, etc. ouvrage rédigé par une société d'écrivains spéciaux, d'archéologues et de professuers sous la direction de MM. Ch. Daremberg et Edm. Saglio.
260 ## - PUBLICACIÓN, DISTRIBUCIÓN, ETC.
Lugar de publicación, distribución, etc. Paris :
Nombre del editor, distribuidor, etc. Librairie Hachette et Cie.,
Fecha de publicación, distribución, etc. 1877-1913 (
Lugar de fabricación/manufactura Corbeil :
Fabricante Crété et fils)
300 ## - DESCRIPCIÓN FÍSICA
Extensión 10 v. :
Otras características físicas il. ;
Dimensiones 32 cm.
650 #4 - PUNTO DE ACCESO ADICIONAL DE MATERIA--TÉRMINO DE MATERIA
Término de materia o nombre geográfico como elemento de entrada Restos arqueológicos griegos-
Subdivisión de forma Diccionarios.
9 (RLIN) 159369
650 #4 - PUNTO DE ACCESO ADICIONAL DE MATERIA--TÉRMINO DE MATERIA
Término de materia o nombre geográfico como elemento de entrada Restos arqueológicos romanos-
Subdivisión de forma Diccionarios.
9 (RLIN) 159370
700 1# - ENTRADA AGREGADA--NOMBRE PERSONAL
Nombre de persona Saglio, Edmond.
9 (RLIN) 101440
700 1# - ENTRADA AGREGADA--NOMBRE PERSONAL
Nombre de persona Daremberg, Charles (
Fechas asociadas al nombre 1817-1872)
9 (RLIN) 165449
852 ## - LOCALIZACIÓN
Ubicación ES-MaACL
Número de control de estantería B-821-30
Holdings
Estatus retirado Estado de pérdida Estado de daño No para préstamo Colección Biblioteca de origen Biblioteca actual Ubicación en estantería Fecha de adquisición Fuente de adquisición Total de préstamos Signatura topográfica completa Código de barras Visto por última vez Precio de reemplazo Tipo de ítem Koha
        Libros del s. XIX Biblioteca del Ateneo de Madrid Biblioteca del Ateneo de Madrid Sala Pardo Bazán 17/01/2008     B-821-30 1050870 23/02/2023 23/02/2023 Libro impreso antiguo